Statistiques concernant Quel est le titre du dessin animé ?

Cliquez ici pour prendre le quiz!

Statistiques générales

  • Ce quiz a été pris 3 364 fois
  • Le résultat moyen est 7 sur 16

Statistiques - réponses

DescriptionTitre du dessin animé% Correct
L'histoire d'une tortue qui savait lassés ces chaussures.Franklin
85%
L'histoire d'un garçon avec une grande mèche blonde.Titeuf
79%
L'histoire de deux rats qui sont potes un habillé en rouge et l'autre en bleu.Les Ratz
76%
L'histoire de grand barbu qui nous apprenait l'histoire du corps humain.Il était une fois... La vie
64%
L'histoire de plusieurs chiot dont un pompier, policier, soigneuse ...Pat Patrouille
63%
L'histoire d'un bus qui peut aller partout (Eau, AIr, Route).Le bus magique
57%
L'histoire de trois petites fillettes dotées d'une force incroyable suite à une expérience.les super nanas
52%
L'histoire d'un garçon qui est amoureux d'une chinoiseCédric
49%
L'histoire d'un dernier dinosaure encore vivant dans le temps moderne.Denver, le dernier dinosaure
48%
L'histoire d'un pantin qui vit au pays des jouets.Oui-Oui
44%
L'histoire d'un jeune garçon de 10 ans, qui a pour ambition de devenir maître.Pokémon
41%
L'histoire d'une souris qui court très vite.Speedy Gonzalès
40%
L'histoire d'une espèce de manchot qui ne peut pas vivre sans son doudou.Tchoupi et doudou
15%
L'histoire d'un village rempli d'insecte où ils vivent ensemble.Drôles de petites bêtes
8%
L'histoire d'un fantôme, protecteur d'un garçon qui s'appelle Lucas.Célestin
6%
L'histoire d'une souris doté de super pouvoir.Super Souris
6%

Distribution des résultats

Percentile par nombre de réponses

% des personnes avec chaque résultat

Votre développement - résultats

Vous n’avez pas pris ce quiz